000 00870nam a2200277 a 4500
005 20200104041528.0
008 140304t1996 fr ||||gr|||| 00| 0 eng d
040 _aCO-BoIAVH
_cCO-BoIAVH
041 _aeng
044 _afr
082 4 _a333.95
_bU56b
110 2 _bUNESCO
245 1 _aBiosphere reserves
_bthe Seville strategy and the statutory framework of the world network
260 _aParís
_bUNESCO
_c1996
300 _a18 paginas
_c26 x 18 cm.
650 4 _aReservas de la biosfera
650 4 _aConservación de biodiversidad
650 4 _aDiversidad cultural
650 6 _aBiodiversidad
650 6 _aManejo de biodiversidad
650 6 _aManejo forestal
650 6 _aDesarrollo sostenible
650 6 _aInvestigación científica
650 6 _aEducación
942 _cLIBRO
_2ddc
999 _c2157
_d2157